| 000 | 00730cam a2200229 a 4500 | ||
|---|---|---|---|
| 001 | 000002075 | ||
| 005 | 20200929145825.0 | ||
| 008 | 711201s1971 xxc 000 1 eng d | ||
| 020 | _a0887500463 | ||
| 020 | _a0887500471 | ||
| 040 |
_aDO-SdBNP _beng _cBNPHU |
||
| 050 | 0 | 0 |
_aPZ1.H375 _bFo _aPR9276 |
| 082 |
_a813.01 _bF781s |
||
| 245 | 0 | 0 |
_aFourteen stories high / _cedición David Helwig y Tom Marshall. |
| 260 |
_aOttawa : _bOberon Press, _c1971. |
||
| 300 |
_a172 p. ; _c21 cm. |
||
| 651 | 4 |
_aCanada _xSocial Life And Customs _xFiction. _96677 |
|
| 650 | 4 |
_aShort stories, canadian. _96678 |
|
| 650 | 4 |
_aCanadian fiction _y20th century. _96679 |
|
| 700 | 1 |
_aMarshall, Tom, _d1938- _eed. _96680 |
|
| 700 | 1 |
_aHelwig, David, _eed. _96681 |
|
| 999 |
_c1937 _d1937 |
||